00828nam a2200193 a 450000100060000000300090000600800410001502000150005604000280007108200160009910000570011524500300017226000340020230000110023650503300024765000280057794200120060599900170061715189CO-ViMGA141112s2004 ck r 000 u spa d a9701025253 aCO-ViMGAbspacCO-ViMGA04a511.8 D419m1 aDiaz Mata, Alfredo; Aguilera Gomez, Victor M.92205810aMatemáticas financieras aMexico, cMcGraw Hill, c1999 a467.p. aFundamentos Interes simple Interes compuesto Anualidades simples, ciertas, vencidas e inmediatas Anualidades anticipadas Anualidades diferidas El caso general de anualidades Amortización y fondos de amortización Inversión en bolsa de valores Depreciación Probabilidades y tablas de mortalidad Anualidades contingentes14aMATEMATICAS FINANCIERAS 2ddccBK c25563d25563